00418pab a2200145 454500008004000000100003000040245008700070260000900157300001300166362001200179650001500191700001500206700002500221773002600246180718b2011 xxu||||| |||| 00| 0 eng d aSrivastava, Seema, Indris aSource identification of the inks used in printing of counterfeit Indian banknotes c2011 ap.50-58. aJul-Sep aCurrencies aAsim Kumar aMohd. and Srivastava aIndian Police Journal